Policy and legal framework for the coffee subsector and the impact of liberalization in Kenya. (Record no. 6318)
[ view plain ]
| 000 -LEADER | |
|---|---|
| fixed length control field | 00901nam a22002532 4500 |
| 001 - CONTROL NUMBER | |
| control field | 0000003263 |
| 005 - DATE AND TIME OF LATEST TRANSACTION | |
| control field | 20151217151920.0 |
| 008 - FIXED-LENGTH DATA ELEMENTS--GENERAL INFORMATION | |
| fixed length control field | 070502s xx 000 0 eng d |
| 020 ## - INTERNATIONAL STANDARD BOOK NUMBER | |
| International Standard Book Number | 9966949062 : |
| 040 ## - CATALOGING SOURCE | |
| Original cataloging agency | KABU |
| Transcribing agency | KABU |
| 050 #0 - LIBRARY OF CONGRESS CALL NUMBER | |
| Classification number | HD9199 |
| Item number | .K4N932 |
| 100 1# - MAIN ENTRY--PERSONAL NAME | |
| Personal name | Nyangito, Hezron O. |
| -- | 0000149687 |
| 245 10 - TITLE STATEMENT | |
| Title | Policy and legal framework for the coffee subsector and the impact of liberalization in Kenya. |
| 260 ## - PUBLICATION, DISTRIBUTION, ETC. (IMPRINT) | |
| Place of publication, distribution, etc. | Nairobi : |
| Name of publisher, distributor, etc. | KIPRA, |
| Date of publication, distribution, etc. | 2001. |
| 300 ## - PHYSICAL DESCRIPTION | |
| Extent | xii, 23 p. |
| 650 #0 - SUBJECT ADDED ENTRY--TOPICAL TERM | |
| Topical term or geographic name as entry element | Coffee trade |
| General subdivision | Government policy |
| Geographic subdivision | Kenya. |
| -- | 0000153026 |
| 650 #0 - SUBJECT ADDED ENTRY--TOPICAL TERM | |
| Topical term or geographic name as entry element | Coffee industry |
| General subdivision | Government policy |
| Geographic subdivision | Kenya. |
| -- | 0000153027 |
| 908 ## - PUT COMMAND PARAMETER (RLIN) | |
| Put command parameter | 070502 |
| 950 ## - LOCAL HOLDINGS (RLIN) | |
| -- | 1 |
| Withdrawn status | Lost status | Source of classification or shelving scheme | Not for loan | Home library | Current library | Date acquired | Total Checkouts | Full call number | Barcode | Date last seen | Price effective from | Koha item type |
|---|---|---|---|---|---|---|---|---|---|---|---|---|
| Library of Congress Classification | Kabarak, Main Campus | Kabarak, Main Campus | 17/12/2015 | HD9199 .K4N932 | 002728 | 02/08/2024 | 17/12/2015 | General Collection | ||||
| Library of Congress Classification | Kabarak, Main Campus | Kabarak, Main Campus | 17/12/2015 | HD9199 .K4N932 | 002729 | 02/08/2024 | 17/12/2015 | General Collection | ||||
| Library of Congress Classification | Kabarak, Main Campus | Kabarak, Main Campus | 17/12/2015 | HD9199 .K4N932 | 002730 | 02/08/2024 | 17/12/2015 | General Collection | ||||
| Library of Congress Classification | Kabarak, Main Campus | Kabarak, Main Campus | 17/12/2015 | HD9199 .K4N932 | 002731 | 02/08/2024 | 17/12/2015 | General Collection | ||||
| Library of Congress Classification | Kabarak, Main Campus | Kabarak, Main Campus | 17/12/2015 | HD9199 .K4N932 | 001928 | 17/12/2015 | 17/12/2015 | Africana Collection |